|
|
|
|
| LEADER |
01000nam a2200325 4500 |
| 001 |
DLU090094789 |
| 005 |
##20091201 |
| 040 |
# |
# |
|a DLU
|b eng
|
| 041 |
# |
# |
|a eng
|
| 044 |
# |
# |
|a us
|
| 100 |
# |
# |
|a Anipsitakis, George P.
|
| 245 |
# |
# |
|a Radical generation by the interaction of transition metals with common oxidants /
|c George P. Anipsitakis, Dionysios D. Dionysiou.
|
| 653 |
# |
# |
|a Complexation
|
| 653 |
# |
# |
|a Decontamination
|
| 653 |
# |
# |
|a Hydrolysis
|
| 653 |
# |
# |
|a Oxidants
|
| 653 |
# |
# |
|a Reaction mechanism
|
| 653 |
# |
# |
|a Waste water purification
|
| 653 |
# |
# |
|a Water pollution
|
| 700 |
# |
# |
|a Dionysiou, Dionysios D.
|
| 773 |
# |
# |
|t Environmental Science & Technology
|g Vol. 38, no. 13 (July 2004), p. 3705-3712
|
| 920 |
# |
# |
|a Phòng Tạp chí -- Trung tâm Thông tin - Thư viện Trường Đại học Đà Lạt
|
| 994 |
# |
# |
|a DLU
|
| 900 |
# |
# |
|a True
|
| 911 |
# |
# |
|a Trương Bảo Trâm Anh
|
| 925 |
# |
# |
|a G
|
| 926 |
# |
# |
|a A
|
| 927 |
# |
# |
|a BB
|
| 980 |
# |
# |
|a Thư viện Trường Đại học Đà Lạt
|